Advanced engineering thermodynamics / (Record no. 355779)

000 -LEADER
fixed length control field 01437cam a22003734a 4500
001 - CONTROL NUMBER
control field 14220063
003 - CONTROL NUMBER IDENTIFIER
control field USPCAS-E
005 - DATE AND TIME OF LATEST TRANSACTION
control field 20180118181413.0
008 - FIXED-LENGTH DATA ELEMENTS--GENERAL INFORMATION
fixed length control field 060105s2006 njua b 001 0 eng
010 ## - LIBRARY OF CONGRESS CONTROL NUMBER
LC control number 2006040510
015 ## - NATIONAL BIBLIOGRAPHY NUMBER
National bibliography number GBA673059
Source bnb
016 7# - NATIONAL BIBLIOGRAPHIC AGENCY CONTROL NUMBER
Record control number 013537967
Source Uk
020 ## - INTERNATIONAL STANDARD BOOK NUMBER
International Standard Book Number 0471677639 (cloth)
020 ## - INTERNATIONAL STANDARD BOOK NUMBER
International Standard Book Number 9780471677635 (cloth)
035 ## - SYSTEM CONTROL NUMBER
System control number (OCoLC)ocm62878730
040 ## - CATALOGING SOURCE
Original cataloging agency DLC
Transcribing agency DLC
Modifying agency BAKER
-- C#P
-- UKM
-- YDXCP
-- COO
-- OCLCQ
-- YUS
-- BTCTA
-- DLC
042 ## - AUTHENTICATION CODE
Authentication code pcc
050 00 - LIBRARY OF CONGRESS CALL NUMBER
Classification number TJ265
Item number .B425 2006
082 00 - DEWEY DECIMAL CLASSIFICATION NUMBER
Classification number 621.4021
Edition number 22
Author Mark BEJ-A 2006
100 1# - MAIN ENTRY--PERSONAL NAME
Personal name Bejan, Adrian,
Dates associated with a name 1948-
245 10 - TITLE STATEMENT
Title Advanced engineering thermodynamics /
Statement of responsibility, etc. Adrian Bejan.
250 ## - EDITION STATEMENT
Edition statement 3rd ed.
260 ## - PUBLICATION, DISTRIBUTION, ETC.
Place of publication, distribution, etc. Hoboken, N.J. :
Name of publisher, distributor, etc. John Wiley & Sons,
Date of publication, distribution, etc. c2006.
300 ## - PHYSICAL DESCRIPTION
Extent xl, 880 p. :
Other physical details ill. ;
Dimensions 25 cm.
502 ## - DISSERTATION NOTE
Dissertation note 0
504 ## - BIBLIOGRAPHY, ETC. NOTE
Bibliography, etc. note Includes bibliographical references and indexes.
650 #0 - SUBJECT ADDED ENTRY--TOPICAL TERM
Topical term or geographic name entry element Thermodynamics.
856 42 - ELECTRONIC LOCATION AND ACCESS
Materials specified Contributor biographical information
Uniform Resource Identifier <a href="http://www.loc.gov/catdir/enhancements/fy0826/2006040510-b.html">http://www.loc.gov/catdir/enhancements/fy0826/2006040510-b.html</a>
856 42 - ELECTRONIC LOCATION AND ACCESS
Materials specified Publisher description
Uniform Resource Identifier <a href="http://www.loc.gov/catdir/enhancements/fy0826/2006040510-d.html">http://www.loc.gov/catdir/enhancements/fy0826/2006040510-d.html</a>
856 41 - ELECTRONIC LOCATION AND ACCESS
Materials specified Table of contents only
Uniform Resource Identifier <a href="http://www.loc.gov/catdir/enhancements/fy0826/2006040510-t.html">http://www.loc.gov/catdir/enhancements/fy0826/2006040510-t.html</a>
906 ## - LOCAL DATA ELEMENT F, LDF (RLIN)
a 7
b cbc
c orignew
d 1
e ocip
f 20
g y-gencatlg
942 ## - ADDED ENTRY ELEMENTS (KOHA)
Source of classification or shelving scheme
Koha item type Book
Holdings
Withdrawn status Lost status Source of classification or shelving scheme Damaged status Not for loan Collection code Permanent Location Current Location Shelving location Date acquired Source of acquisition Cost, normal purchase price Total Checkouts Full call number Barcode Date last seen Date last checked out Price effective from Koha item type Total Renewals Copy number
            US-Pakistan Center for Advanced Studies in Energy (USPCAS-E) Central Library (CL)   12/22/2015 Iqra 13822.00 3 621.4021 BEJ-A 2006 CAS-E0001069 10/09/2023 09/19/2023 12/22/2015 Book 1 2
            US-Pakistan Center for Advanced Studies in Energy (USPCAS-E) US-Pakistan Center for Advanced Studies in Energy (USPCAS-E)   12/22/2015 Iqra 13822.00 1 621.4021 BEJ-A 2006 CAS-E0001068 12/07/2016 09/20/2016 12/22/2015 Book    
            US-Pakistan Center for Advanced Studies in Energy (USPCAS-E) US-Pakistan Center for Advanced Studies in Energy (USPCAS-E)   12/22/2015 Iqra 13822.00 3 621.4021 BEJ-A 2006 CAS-E0001070 01/10/2017 01/10/2017 12/22/2015 Book 1 3
© 2023 Central Library, National University of Sciences and Technology. All Rights Reserved.